Los cuarenta de la cuarentena : antología de cuentos /

Bibliographic Details
Other Authors: Arsovska, Liljana (Editor, Translator), Xintang, Sun (Editor)
Format: Electronic eBook
Language:Spanish
Chinese
Published: Ciudad de México, México : El Colegio de México, 2023.
Edition:Primera edición electrónica.
Subjects:
Online Access:Digitalia Hispánica

MARC

LEADER 00000nam a2200000 i 4500
001 DIGCOLMX0501
003 NyNyDIG
006 m o d
007 cr |||||||||||
008 231209t20232022mx o 000 j spa d
035 |a (OCoLC)1373980911 
040 |a DGITA  |b eng  |e rda  |e pn  |c DGITA 
020 |a 9786075644684  |q electrónico 
020 |z 9786075643281  |q impreso 
041 1 |a spa  |h chi 
050 1 4 |a PL2658.S8 ebook 
245 0 4 |a Los cuarenta de la cuarentena :  |b antología de cuentos /  |c Liljana Arsovska y Sun Xintang, editores ; traducción Liljana Arsovska [and 17 others]. 
250 |a Primera edición electrónica. 
264 1 |a Ciudad de México, México :  |b El Colegio de México,  |c 2023. 
264 4 |c ©2022 
300 |a 1 online resource. 
336 |a text  |b txt  |2 rdacontent 
337 |a computer file  |b c  |2 rdamedia 
338 |a online resource  |b cr  |2 rdacarrier 
347 |a text file  |2 rdaft 
347 |b EPUB 
588 0 |a Online resource; title from ePub title page (Digitalia, viewed December 9, 2023) 
655 7 |a Short stories  |2 lcgft 
700 1 |a Arsovska, Liljana,  |e editor,  |e translator. 
700 1 |a Xintang, Sun,  |e editor. 
776 0 8 |i Print version:  |t Cuarenta de la cuarentena.  |b Primera edición impresa.  |d Ciudad de México, México : El Colegio de México, 2022  |z 9786075643281 
791 2 |a Digitalia (Firm),  |e distributor. 
793 0 |g Digitalia eBook Collection:  |a El Colegio de México 
856 4 0 |3 Digitalia Hispánica  |u https://www.digitaliapublishing.com/a/131870/ 
910 |a Premium collection: 2023